00506nam a2200133Ia 4500008004100000100001800041245006600059245011800125260004900243260000900292300001000301650001300311856004800324170221s9999 xx 000 0 und d aLin, Jung-Chu aBank ownership and performance in Taiwan: do politics matter? cJung-Chu Lin, Takming University of Science and Technology; Vichet Sum, University of Maryland – Eastern Shore. bJournal of Management and Marketing Research c2014 a3 : 1 xBusiness uhttp://www.aabri.com/manuscripts/121105.pdf